Fundamentos de economía

保存先:
書誌詳細
第一著者: Graue Russek, Ana Luisa (著者)
フォーマット: 図書
言語:スペイン語
出版事項: Cuernavaca Pearson Educación 2009
版:1a. ed
主題:
タグ: タグ追加
タグなし, このレコードへの初めてのタグを付けませんか!

MARC

LEADER 00000nam a2200000 a 4500
001 UCG2701
003 CL-VaPUC
008 100723e20090000MX |||||||||||||||||spa|d
020 |a 9786074423389 
082 0 4 |a 338.5  |b GRA  |2 21 
100 0 |a Graue Russek, Ana Luisa  |e author  |9 551243 
245 1 0 |a Fundamentos de economía 
250 |a 1a. ed 
300 |a 401 p 
942 |c BK 
945 |d 20100723 00:00:00  |a dcastane 
260 |a Cuernavaca  |b Pearson Educación  |c 2009 
650 0 |a Microeconomía  |9 258126 
650 0 |a Economía   |9 255568 
650 0 |a Administración  |9 259325 
583 |a last modification  |c 20100723 00:00:00  |k Rodrigo Vera 
999 |c 341831  |d 341829 
952 |0 0  |1 0  |4 0  |6 338_500000000000000_GRA_2009  |7 0  |8 A  |9 437613  |a BIBENE  |b BIBENE  |d 2019-11-22  |i 4695550  |o 338.5 GRA 2009  |p 4695550  |r 2025-01-15  |w 2019-11-22  |y BK  |k ICO